Angličtina pro fyzioterapeuty /

Hlavní autor: Gogelová, Helena
Jazyk: Angličtina
Čeština
Vydáno: Praha : Grada, 2011
Vydání: 1. vyd.
Témata:
Externí odkaz: Digitalizovaný dokument
Fyzický popis: 314 s. ; 21 cm
Language note: Část. český text
Knihy
Uloženo v:
LEADER 01771nam a2200529 a 4500
001 nkc20112219198
003 CZ PrNK
005 20211111124419.0
007 ta
008 110801s2011 xr e p 000 0 eng
015 |a cnb002219198 
020 |a 978-80-247-3531-3  |q (brož.) 
035 |a (OCoLC)752798321 
040 |a OLA001  |b cze  |d ABA001 
041 0 |a eng  |a cze 
072 7 |a 811.111  |x Angličtina  |2 Konspekt  |9 11 
072 7 |a 37.016  |x Učební osnovy. Vyučovací předměty. Učebnice  |2 Konspekt  |9 22 
080 |a 611/612  |2 MRF 
080 |a 615.81/.84  |2 MRF 
080 |a 811.111  |2 MRF 
080 |a 81'373.46  |2 MRF 
080 |a (075)  |2 MRF 
100 1 |a Gogelová, Helena  |7 ola2011652324  |4 aut 
245 1 0 |a Angličtina pro fyzioterapeuty /  |c Helena Gogelová 
250 |a 1. vyd. 
260 |a Praha :  |b Grada,  |c 2011 
300 |a 314 s. ;  |c 21 cm 
500 |a Dotisk v roce 2021 
500 |a Dotisk 2013 
504 |a Obsahuje bibliografii 
546 |a Část. český text 
650 0 7 |a lidské tělo  |7 ph122345  |2 czenas 
650 0 7 |a fyzioterapie  |7 ph120452  |2 czenas 
650 0 7 |a angličtina  |7 ph114056  |2 czenas 
650 0 7 |a oborová terminologie  |7 ph138998  |2 czenas 
650 0 9 |a human body  |2 eczenas 
650 0 9 |a physiotherapy  |2 eczenas 
650 0 9 |a English language  |2 eczenas 
650 0 9 |a terminology (professional)  |2 eczenas 
655 7 |a učebnice  |7 fd133770  |2 czenas 
655 9 |a textbooks  |2 eczenas 
856 4 1 |u http://www.digitalniknihovna.cz/mzk/uuid/uuid:1687c960-1970-11e9-8e07-005056827e51  |y Digitalizovaný dokument  |x NDK 
910 2 |a BOA001  |b 2-1268.521 
990 |a BK 
995 |a 01 
991 |b 201108  |c NOV  |e n 
996 6 |b 2610485142  |c 2-1268.521  |l MZK  |r Sklad / do 1 hodiny  |n 4  |p p.v.  |w 001195216  |u 000010  |a 1  |e BOA001  |j MZK50  |s P